| 000 | 00517nam a22001937a 4500 | ||
|---|---|---|---|
| 003 | OSt | ||
| 005 | 20140310181808.0 | ||
| 008 | 130704t xxu||||| |||| 00| 0 eng d | ||
| 020 | _a9781904994183 | ||
| 050 |
_aAG 243 _b.G964 2007 |
||
| 082 |
_aREF 909.82 _bG94 2007 |
||
| 245 | _aGuinness world records 2008 | ||
| 260 |
_aGreat Britain : _bHit Entertainment, _cc2007. |
||
| 300 |
_a286 p. : _bill. col. ; _c31 cm. |
||
| 521 | _aBasic Ed. Students | ||
| 541 | _j1 | ||
| 562 | _e1 | ||
| 942 |
_2lcc _cBK-GR _kREF |
||
| 999 |
_c3846 _d3846 |
||